000 00488nam a2200193Ia 4500
008 180523s9999 xx 000 0 und d
020 _a97108-3436-3
050 _aMAIN QH 308
050 _b.O88 1985
100 _aOtto, Jame H.
245 0 _aModern biology /
245 0 _cJame H. Otto; Albert Towle
260 _aNew York :
260 _bHolt. Rinehart and Winston, Publishers
260 _c1985
300 _a824 pages :
300 _c26 cm.
500 _aIncludes index.
999 _c357559
_d357559